[Event "BCF-chT2 2324 (4NCL)"]
[Site "England"]
[Date "2024.01.13"]
[Round "3.2"]
[White "Rogacewicz, Mikolaj"]
[Black "Bullen, Alex"]
[Result "1/2-1/2"]
[WhiteElo "2022"]
[BlackElo "2146"]
[PlyCount "102"]
[EventDate "2023.11.11"]
[EventType "team-tourn"]
[EventRounds "11"]
[EventCountry "ENG"]
[SourceTitle "CBM 219 Extra"]
[Source "ChessBase"]
[SourceDate "2024.05.31"]
[SourceVersion "1"]
[SourceVersionDate "2024.05.31"]
[SourceQuality "1"]
[WhiteTeam "Sussex Martlets"]
[BlackTeam "The Audible Checks"]
[WhiteTeamCountry "ENG"]
[BlackTeamCountry "ENG"]

1. d4 d5 2. c4 e6 3. Nf3 Nf6 4. g3 Be7 5. Bg2 0-0 6. 0-0 c6 7. b3 b6 8. Bb2 a5 9. Ne5 Nfd7 10. Nxd7 Nxd7 11. e4 Ba6 12. Nd2 a4 13. Re1 Bb4 14. Rc1 dxc4 15. bxc4 Ne5 16. Qe2 Bxd2 17. Qxd2 Nxc4 18. Qc3 Nxb2 19. Qxb2 Rc8 20. Qb4 b5 21. Rc5 Qd7 22. Rec1 Rfd8 23. e5 Bb7 24. Rd1 a3 25. Rc3 c5 26. Rxc5 Rxc5 27. Qxc5 Bxg2 28. Kxg2 Qb7+ 29. Kg1 b4 30. Rb1 Rb8 31. Rb3 h6 32. f3 g5 33. g4 Rc8 34. Rxb4 Qa6 35. Ra4 Rxc5 36. Rxa6 Rc1+ 37. Kf2 Rc2+ 38. Kg3 Rxa2 39. f4 gxf4+ 40. Kxf4 Rd2 41. Rxa3 Rxd4+ 42. Kf3 Kg7 43. Ra7 Rd3+ 44. Kf4 Rd4+ 45. Kf3 Rd3+ 46. Kf4 Rh3 47. Ra2 Kg6 48. Rf2 Ra3 49. Re2 Ra4+ 50. Kg3 Ra3+ 51. Kf4 Ra4+ 1/2-1/2

[Event "Pardubice Czech op-A 31st"]
[Site "Pardubice"]
[Date "2020.09.25"]
[Round "5"]
[White "Degenhard, Simon"]
[Black "Rogacewicz, Mikolaj"]
[Result "1-0"]
[WhiteElo "2271"]
[BlackElo "2011"]
[PlyCount "69"]
[EventDate "2020.09.21"]
[EventType "swiss"]
[EventRounds "9"]
[EventCountry "CZE"]
[SourceTitle "CBM 198 Extra"]
[Source "ChessBase"]
[SourceDate "2020.11.30"]
[SourceVersion "1"]
[SourceVersionDate "2020.11.30"]
[SourceQuality "1"]

1. e4 e6 2. d4 d5 3. Nc3 Bb4 4. e5 c5 5. a3 Bxc3+ 6. bxc3 Ne7 7. Qg4 cxd4 8. Bd3 Qa5 9. Ne2 0-0 10. Bg5 Ng6 11. Qg3 Nd7 12. h4 f5 13. exf6 Nxf6 14. h5 Ne7 15. h6 g6 16. Qh4 Nf5 17. Bxf5 Ne4 18. Bxe4 dxe4 19. Be7 Rf7 20. Bb4 Qc7 21. cxd4 b6 22. Qg3 Qc4 23. Qb3 Qb5 24. c4 Qf5 25. Qe3 Ba6 26. Ng3 Qg4 27. Qxe4 Qxe4+ 28. Nxe4 Bxc4 29. Nd6 Rc7 30. Rc1 a5 31. Bd2 b5 32. Nxc4 bxc4 33. Ke2 Rb8 34. Rh3 Rb2 35. Rhc3 1-0

[Event "Pardubice Czech op-A 31st"]
[Site "Pardubice"]
[Date "2020.09.21"]
[Round "1"]
[White "Sorensen, Hampus"]
[Black "Rogacewicz, Mikolaj"]
[Result "1-0"]
[WhiteElo "2361"]
[BlackElo "2011"]
[PlyCount "61"]
[EventDate "2020.09.21"]
[EventType "swiss"]
[EventRounds "9"]
[EventCountry "CZE"]
[SourceTitle "CBM 198 Extra"]
[Source "ChessBase"]
[SourceDate "2020.11.30"]
[SourceVersion "1"]
[SourceVersionDate "2020.11.30"]
[SourceQuality "1"]

1. d4 e6 2. c4 Nf6 3. Nf3 b6 4. a3 Bb7 5. Nc3 d5 6. Bg5 Be7 7. Qa4+ Bc6 8. Qc2 dxc4 9. e4 b5 10. Rd1 0-0 11. Be2 a5 12. d5 exd5 13. exd5 Bd7 14. a4 b4 15. Nb5 Na6 16. Bxc4 Ng4 17. Bf4 b3 18. Qxb3 Bb4+ 19. Kf1 Qf6 20. Bg3 Nc5 21. Qa2 Ne4 22. Bd3 Nc5 23. Bc2 Qa6 24. Nfd4 Qf6 25. Kg1 Rac8 26. h3 Ne5 27. Kh2 h5 28. Rhf1 h4 29. Bxe5 Qxe5+ 30. f4 Qe3 31. Qc4 1-0

[Event "Rubinstein Memorial 56th"]
[Site "Polanica Zdroj"]
[Date "2020.08.22"]
[Round "8"]
[White "Bojczewski, Mateusz"]
[Black "Rogacewicz, Mikolaj"]
[Result "1/2-1/2"]
[WhiteElo "1888"]
[BlackElo "2011"]
[PlyCount "103"]
[EventDate "2020.08.15"]
[EventType "swiss"]
[EventRounds "9"]
[EventCountry "POL"]
[SourceTitle "CBM 197 Extra"]
[Source "ChessBase"]
[SourceDate "2020.09.30"]
[SourceVersion "1"]
[SourceVersionDate "2020.09.30"]
[SourceQuality "1"]

1. e4 Nf6 2. e5 Nd5 3. d4 d6 4. c4 Nb6 5. Nf3 g6 6. exd6 cxd6 7. b3 Bg7 8. Bb2 0-0 9. Be2 Nc6 10. 0-0 Bg4 11. h3 Bxf3 12. Bxf3 d5 13. cxd5 Nxd5 14. Na3 e6 15. Nc2 Qh4 16. Bxd5 exd5 17. Qg4 Qxg4 18. hxg4 Rfe8 19. Rfe1 Re6 20. f3 Bf6 21. Kf2 Rae8 22. Rxe6 fxe6 23. f4 Be7 24. Rc1 Bd6 25. Ke3 Rf8 26. g3 g5 27. Rf1 Nb4 28. Nxb4 Bxb4 29. Rf3 Kg7 30. Kd3 Rc8 31. Re3 Rc6 32. Re5 Be7 33. f5 Kf7 34. fxe6+ Rxe6 35. Rxd5 Ke8 36. Re5 Rxe5 37. dxe5 Kd7 38. Ke4 Ke6 39. Bd4 b6 40. a4 Bc5 41. Bxc5 bxc5 42. Kd3 Kxe5 43. Kc4 Ke4 44. Kxc5 Kf3 45. b4 Kxg4 46. b5 h5 47. a5 h4 48. gxh4 gxh4 49. b6 axb6+ 50. axb6 h3 51. b7 h2 52. b8Q 1/2-1/2

[Event "BCF-chT4S 1920 (4NCL)"]
[Site "England"]
[Date "2020.02.08"]
[Round "5.12"]
[White "Rogacewicz, Mikolaj"]
[Black "Hussain, Adam"]
[Result "1-0"]
[WhiteElo "2057"]
[BlackElo "1885"]
[PlyCount "121"]
[EventDate "2019.11.09"]
[EventType "team-swiss"]
[EventRounds "11"]
[EventCountry "ENG"]
[SourceTitle "EXT 2022"]
[Source "ChessBase"]
[SourceDate "2021.10.06"]
[SourceVersion "1"]
[SourceVersionDate "2021.10.06"]
[SourceQuality "1"]
[WhiteTeam "Sussex Martlets II"]
[BlackTeam "Wood Green Youth"]
[WhiteTeamCountry "ENG"]
[BlackTeamCountry "ENG"]

1. d4 e6 2. c4 b6 3. e4 Bb7 4. Bd3 Bb4+ 5. Nc3 f5 6. exf5 Bxg2 7. Nf3 Bxh1 8. Bg5 Bxf3 9. Qxf3 Qxg5 10. Qxa8 Qd8 11. fxe6 Nf6 12. 0-0-0 0-0 13. exd7 Bxc3 14. bxc3 a5 15. c5 Nfxd7 16. Qd5+ Kh8 17. cxb6 cxb6 18. Qh5 Nf6 19. Qh3 Qd6 20. Kb2 Qf4 21. Bc2 Na6 22. Re1 Nc7 23. Re5 Ncd5 24. Rxd5 Qg4 25. Qd3 Qg2 26. Rh5 g6 27. Rb5 Ng4 28. Rxb6 Rxf2 29. d5 Ne5 30. Rb8+ Kg7 31. Rb7+ Kg8 32. Rb8+ Kg7 33. Rb7+ Kf8 34. Rb8+ Kf7 35. Rb7+ Kf6 36. Rb6+ Kg5 37. Qe3+ Kh4 38. Qh6+ Kg4 39. h3+ Qxh3 40. Qxh3+ Kxh3 41. Re6 Nc4+ 42. Kb3 Nd2+ 43. Ka4 Kg4 44. d6 Nc4 45. Re4+ Rf4 46. d7 Nb6+ 47. Kxa5 Nxd7 48. Kb5 Rxe4 49. Bxe4 Kf4 50. Bb7 Ke5 51. Kc6 Nf6 52. a4 h5 53. a5 h4 54. a6 h3 55. a7 h2 56. Kc7 Ne8+ 57. Kd7 Nf6+ 58. Ke7 Ng8+ 59. Kf7 Nh6+ 60. Kxg6 h1Q 61. Bxh1 1-0

[Event "London Classic op 11th"]
[Site "London"]
[Date "2019.11.30"]
[Round "2"]
[White "Rogacewicz, Mikolaj"]
[Black "Sowray, Peter John"]
[Result "0-1"]
[WhiteElo "1921"]
[BlackElo "2316"]
[PlyCount "50"]
[EventDate "2019.11.29"]
[EventType "swiss"]
[EventRounds "9"]
[EventCountry "ENG"]
[SourceTitle "CBM 193 Extra"]
[Source "ChessBase"]
[SourceDate "2020.01.31"]
[SourceVersion "1"]
[SourceVersionDate "2020.01.31"]
[SourceQuality "1"]

1. d4 d5 2. c4 e6 3. Nf3 Nf6 4. g3 dxc4 5. Bg2 a6 6. 0-0 Nc6 7. e3 Rb8 8. Qe2 b5 9. b3 cxb3 10. axb3 Be7 11. Bb2 0-0 12. Rc1 Bb7 13. Nc3 Nb4 14. Na2 Nxa2 15. Rxa2 Nd5 16. e4 Nb4 17. Raa1 c5 18. dxc5 Qd3 19. Bf1 Qxe4 20. Qxe4 Bxe4 21. Ne5 Rbc8 22. c6 f6 23. Nd7 Rfd8 24. Bh3 Kf7 25. Ba3 Rxc6 0-1

[Event "GBR-ch Major 106th"]
[Site "Torquay"]
[Date "2019.07.27"]
[Round "1"]
[White "Rogacewicz, Mikolaj"]
[Black "Hussain, Adam"]
[Result "1-0"]
[WhiteElo "1925"]
[BlackElo "1515"]
[PlyCount "53"]
[EventDate "2019.07.27"]
[EventType "swiss"]
[EventRounds "9"]
[EventCountry "ENG"]
[SourceTitle "EXT 2020"]
[Source "ChessBase"]
[SourceDate "2019.10.17"]
[SourceVersion "1"]
[SourceVersionDate "2019.10.17"]
[SourceQuality "1"]

1. d4 Nf6 2. c4 c5 3. d5 b5 4. cxb5 a6 5. bxa6 g6 6. Nc3 Bg7 7. Nf3 0-0 8. g3 d6 9. Bg2 Nxa6 10. 0-0 Qc7 11. h3 Bb7 12. Nd2 Rfb8 13. Nc4 Nd7 14. Bg5 Nb6 15. Nb5 Qd8 16. Nbxd6 Nxc4 17. Nxc4 Nb4 18. d6 Bxg2 19. Bxe7 Bxf1 20. Bxd8 Bxe2 21. Qxe2 Rxd8 22. d7 Nxa2 23. Rxa2 Rxa2 24. Qe8+ Rxe8 25. dxe8Q+ Bf8 26. Ne5 Ra7 27. Nd7 1-0

[Event "Rubinstein Memorial-A 54th"]
[Site "Polanica Zdroj"]
[Date "2018.08.26"]
[Round "9"]
[White "Rogacewicz, Mikolaj"]
[Black "Klein, Gernot"]
[Result "1-0"]
[WhiteElo "2009"]
[BlackElo "1922"]
[PlyCount "48"]
[EventDate "2018.08.18"]
[EventType "swiss"]
[EventRounds "9"]
[EventCountry "POL"]
[SourceTitle "CBM 186 Extra"]
[Source "ChessBase"]
[SourceDate "2018.08.24"]
[SourceVersion "1"]
[SourceVersionDate "2018.08.24"]
[SourceQuality "1"]

1. d4 d5 2. c4 e6 3. Nf3 c6 4. e3 Bd6 5. b3 f5 6. Bd3 Nf6 7. Bb2 0-0 8. Qc1 Qe7 9. Ba3 b6 10. 0-0 Bb7 11. Bxd6 Qxd6 12. Nc3 Ne4 13. Ne2 Nd7 14. Qb2 c5 15. Rfd1 Kh8 16. Ng3 Qe7 17. Rac1 a6 18. Ne5 Nxe5 19. dxe5 Nxg3 20. hxg3 Rfd8 21. Be2 g5 22. cxd5 Bxd5 23. f3 Bb7 24. Kf2 Rd7 1-0

[Event "Rubinstein Memorial-A 54th"]
[Site "Polanica Zdroj"]
[Date "2018.08.23"]
[Round "6"]
[White "Dryja, Szymon"]
[Black "Rogacewicz, Mikolaj"]
[Result "1/2-1/2"]
[WhiteElo "1878"]
[BlackElo "2009"]
[PlyCount "144"]
[EventDate "2018.08.18"]
[EventType "swiss"]
[EventRounds "9"]
[EventCountry "POL"]
[SourceTitle "CBM 186 Extra"]
[Source "ChessBase"]
[SourceDate "2018.08.24"]
[SourceVersion "1"]
[SourceVersionDate "2018.08.24"]
[SourceQuality "1"]

1. Nf3 Nf6 2. b3 d5 3. Bb2 c5 4. e3 e6 5. d4 Bd6 6. Bd3 0-0 7. 0-0 b6 8. Nbd2 Bb7 9. c4 Ne4 10. Rc1 Nd7 11. Ne5 f6 12. Nxd7 Qxd7 13. Bb1 Rad8 14. Qc2 g6 15. Nxe4 dxe4 16. dxc5 Bxc5 17. Rcd1 Qe7 18. Qc1 Rd6 19. a3 a5 20. Bc2 Rfd8 21. Rxd6 Bxd6 22. Rd1 Kf7 23. h3 Bc5 24. Kf1 Rxd1+ 25. Bxd1 Qd6 26. Kg1 f5 27. Qa1 f4 28. Be5 Qd2 29. Bxf4 Qe1+ 30. Kh2 Be7 31. Bg3 h5 32. h4 e5 33. b4 axb4 34. axb4 Qxb4 35. Qa2 Kf6 36. Bb3 Qa3 37. Qc2 Bc6 38. Qd1 Qb2 39. Ba4 Bxa4 40. Qxa4 Qb4 41. Qc6+ Bd6 42. Qxe4 Qc5 43. Qd3 Qb4 44. e4 Qc5 45. Qd2 Qc7 46. f3 Kg7 47. Be1 Kh7 48. Qd5 Kg7 49. Bd2 Be7 50. Bc3 Bf6 51. g4 hxg4 52. fxg4 Kh7 53. g5 Bg7 54. Kg3 Bh8 55. Bb4 Qa7 56. Kg4 Qa2 57. Qf7+ Bg7 58. Qf1 Qc2 59. Qf3 Qxc4 60. Be1 Qc8+ 61. Kg3 b5 62. h5 gxh5 63. Qxh5+ Kg8 64. g6 Qc5 65. Bf2 Qc3+ 66. Kg2 Qc6 67. Qf5 Qf6 68. Qg4 Qf4 69. Qe6+ Kh8 70. Qc6 b4 71. Bc5 Qd2+ 72. Kf3 Qd1+ 1/2-1/2

[Event "BCF-chT3S 1718 (4NCL) Demotion pool"]
[Site "England"]
[Date "2018.05.06"]
[Round "10.83"]
[White "Rogacewicz, Mikolaj"]
[Black "Adams, Mark"]
[Result "1-0"]
[WhiteElo "1944"]
[BlackElo "1925"]
[PlyCount "107"]
[EventDate "2017.11.11"]
[EventType "team-tourn"]
[EventRounds "11"]
[EventCountry "ENG"]
[SourceTitle "EXT 2020"]
[Source "ChessBase"]
[SourceDate "2019.10.17"]
[SourceVersion "1"]
[SourceVersionDate "2019.10.17"]
[SourceQuality "1"]
[WhiteTeam "Sussex Martlets II"]
[BlackTeam "The Full Ponty"]
[WhiteTeamCountry "ENG"]
[BlackTeamCountry "WLS"]

1. d4 Nf6 2. c4 e6 3. g3 c5 4. d5 exd5 5. cxd5 d6 6. Nc3 g6 7. Bg2 Bg7 8. Nf3 0-0 9. 0-0 Nbd7 10. h3 a6 11. a4 Re8 12. Re1 b6 13. e4 Ra7 14. Kh2 h6 15. Nh4 Nf8 16. f4 N6h7 17. Nf3 Rae7 18. Bd2 Bd7 19. Qc2 Qb8 20. g4 Bc8 21. Rad1 Bd7 22. Kh1 Bc8 23. Re2 Nd7 24. Be1 g5 25. Bg3 f6 26. Nh2 b5 27. Nf1 b4 28. Nb1 a5 29. Ne3 gxf4 30. Bxf4 Ne5 31. Nf5 Bxf5 32. gxf5 Ng5 33. Re3 Ngf7 34. Rg1 Kf8 35. Rg3 Rc8 36. Bf1 Ng5 37. Qg2 Qc7 38. h4 Ngf3 39. Rxf3 Nxf3 40. Qxf3 c4 41. Qg3 Rd8 42. Bxh6 Rdd7 43. Qg6 Rxe4 44. Qxf6+ Rf7 45. Bxg7+ Ke8 46. Qh6 Qc5 47. Nd2 Re1 48. Nxc4 Qxd5+ 49. Kh2 Rxf1 50. Qh8+ Ke7 51. f6+ R1xf6 52. Bxf6+ Rxf6 53. Re1+ Re6 54. Qg7+ 1-0

[Event "BCF-chT3Sb 1718 (4NCL)"]
[Site "England"]
[Date "2018.03.24"]
[Round "7.53"]
[White "Farrand, Tom"]
[Black "Rogacewicz, Mikolaj"]
[Result "1-0"]
[WhiteElo "2145"]
[BlackElo "1944"]
[PlyCount "87"]
[EventDate "2017.11.11"]
[EventType "team-tourn"]
[EventRounds "11"]
[EventCountry "ENG"]
[SourceTitle "EXT 2020"]
[Source "ChessBase"]
[SourceDate "2019.10.17"]
[SourceVersion "1"]
[SourceVersionDate "2019.10.17"]
[SourceQuality "1"]
[WhiteTeam "CSC Dragons"]
[BlackTeam "Sussex Martlets II"]
[WhiteTeamCountry "ENG"]
[BlackTeamCountry "ENG"]

1. e4 e6 2. d4 d5 3. Nc3 Bb4 4. e5 c5 5. Bd2 Nh6 6. Nb5 Bxd2+ 7. Qxd2 0-0 8. c3 f6 9. exf6 Rxf6 10. dxc5 b6 11. cxb6 axb6 12. Nf3 Nd7 13. Be2 Bb7 14. Nd6 Ba6 15. Bxa6 Rxa6 16. Qe2 Ra8 17. Nb5 Nc5 18. 0-0 Nf5 19. Nbd4 Ne4 20. Nxf5 exf5 21. Nd4 Qd6 22. f3 Ng5 23. Rfe1 Raf8 24. Qe5 Qc5 25. Kh1 Nf7 26. Qe7 Qc8 27. Re6 Rxe6 28. Qxe6 Qxe6 29. Nxe6 Re8 30. Nd4 Nd6 31. Kg1 Nc4 32. b3 Ne3 33. Re1 f4 34. Nf5 g6 35. Nxe3 fxe3 36. Kf1 b5 37. Ke2 Ra8 38. Kxe3 Rxa2 39. Re2 Ra3 40. Rb2 Kf7 41. Kd4 Ke6 42. Kc5 Ra8 43. Re2+ Kd7 44. Kxd5 1-0

[Event "Hastings Masters op 93rd"]
[Site "Hastings"]
[Date "2017.12.28"]
[Round "1"]
[White "Witt, Holger"]
[Black "Rogacewicz, Mikolaj"]
[Result "0-1"]
[WhiteElo "1585"]
[BlackElo "1961"]
[PlyCount "84"]
[EventDate "2017.12.28"]
[EventType "swiss"]
[EventRounds "9"]
[EventCountry "ENG"]
[SourceTitle "CBM 182 Extra"]
[Source "ChessBase"]
[SourceDate "2018.02.23"]
[SourceVersion "1"]
[SourceVersionDate "2018.02.23"]
[SourceQuality "1"]

1. c4 Nf6 2. Nc3 b6 3. d3 g6 4. e4 d6 5. f4 Bg7 6. Be2 c5 7. Bf3 e5 8. Nge2 Nc6 9. 0-0 Bg4 10. a3 Bxf3 11. Rxf3 exf4 12. Rxf4 Nh5 13. Rf3 Qh4 14. Be3 0-0 15. Rh3 Qg4 16. Nd5 Bxb2 17. Rb1 Bg7 18. Qd2 f5 19. exf5 Qxf5 20. Rf3 Qd7 21. Rbf1 Ne7 22. Rxf8+ Rxf8 23. Rxf8+ Kxf8 24. Nef4 Nxf4 25. Nxf4 Bf6 26. Nd5 Nxd5 27. cxd5 Qf5 28. Bh6+ Kf7 29. Qe2 Bd4+ 30. Kh1 Qxd5 31. Qf1+ Qf5 32. Qe2 Qf2 33. Qf3+ Qxf3 34. gxf3 Bb2 35. a4 d5 36. Kg2 c4 37. dxc4 dxc4 38. Kf2 c3 39. Ke2 c2 40. Kd3 c1Q 41. Bxc1 Bxc1 42. Kc4 Kf6 0-1